Svadba na blind

Bibliographic Details
Main Author: Hunter, Teagan (Author)
Other Authors: Nagyová, Lenka, 1992- (Translator)
Format: Book
Language:Slovak
English
PhysicalDescription:253 strán 21 cm
Published: Šamorín Zelený kocúr 2023
ISBN:9788069010130
Subjects:

MARC

LEADER 00000cam a2200000 4500
001 vtls012249903
003 SK-MaSNL
005 20260302082633.0
008 240208s2023 xo e 010 f slo
015 |a SNBA2024/03 
020 |a 9788069010130  |q (brožované) 
040 |a SNK  |b slo  |c SNK  |e rda 
041 1 |a slo  |h eng 
044 |a xo  |c SK 
072 7 |a 821.111(73)-3  |x Americká próza  |2 konspekt 
080 |a 821.111(73)-31  |2 2011 
080 |a (0:82-312.5)  |2 2011 
100 1 |a Hunter, Teagan  |4 aut  |9 212186 
240 1 0 |a Blind pass  |l Slovensky 
245 1 0 |a Svadba na blind  |c Teagan Hunter ; z anglického originálu Blind pass ... preložila Lenka Nagyová 
264 1 |a Šamorín  |b Zelený kocúr  |c 2023 
300 |a 253 strán  |c 21 cm 
336 |a text  |b txt  |2 rdacontent 
337 |a bez média  |b n  |2 rdamedia 
338 |a zväzok  |b nc  |2 rdacarrier 
500 |a Obsahuje stručné biografické údaje o autorke 
521 8 |a Pre čitateľov od 18 rokov 
655 7 |a americké romány  |2 SNKPH  |9 1174 
655 7 |a ľúbostné romány  |2 SNKPH  |9 70497 
655 7 |a American novels  |2 SNKPHeng  |9 277755 
655 7 |a Love novels  |2 SNKPHeng  |9 277756 
700 1 |a Nagyová, Lenka,  |d 1992-  |4 trl  |9 196366 
787 0 8 |i Zo série:  |t Carolina Comets  |g [2] 
852 |a Slovenská národná knižnica 
919 |a 978-80-69010-13-0 
954 |a beletria cudzojazyčná (svetová)  |2 lita 
958 |a LX 
958 |a UP 
968 |b ENG 
999 |c 1180821  |d 1182751 
952 |a SNK  |b SNK  |y PREZ  |7 0  |p 17A1544372  |o snkSC 205199  |i snk2024/2171  |8 0  |0 0  |1 0  |4 0  |d 2024-02-08  |l 0  |r 2025-10-28 00:00:00  |w 2026-02-24 
952 |a SNK  |b SNK  |y PREZ  |7 0  |p 17A1544373  |o snkSC 205199 D1  |i snk2024/2172  |8 0  |0 0  |1 0  |4 0  |d 2024-02-08  |l 0  |r 2026-02-24 21:37:27  |w 2026-02-24